Länder Europas im Jahre 1870 auf einer Karte - Statistiken

Allgemein
  • Dieses Quiz wurde 9.139 mal gespielt
  • Das Durchschnittsergebnis liegt bei 24 aus 29
Antworten auf der Karte
Die Antworten werden auf der Karte rot bzw. grün angezeigt, abhängig davon wie oft sie richtig erraten wurden.
 
Antwortstatistiken
Länder % Korrekt
Frankreich
98%
Spanien
98%
Italien
97%
Norwegen
97%
Schweden
97%
Vereinigtes Königreich
97%
Dänemark
96%
Portugal
96%
Schweiz
96%
Belgien
95%
Niederlande
95%
Russisches Zarenreich
95%
Griechenland
90%
Luxemburg
90%
Österreich-Ungarn
89%
San Marino
88%
Andorra
87%
Liechtenstein
87%
Bayern
86%
Monaco
85%
Osmanisches Reich
81%
Baden
75%
Rumänien
75%
Serbien
71%
Montenegro
66%
Württemberg
65%
Hessen
58%
Norddeutscher Bund
40%
Kirchenstaat
34%
Keine übereinstimmenden Quizze gefunden
Verteilung der Resultate
Anzahl Personen mit jedem Resultat
Perzentil nach korrekt beantworteten Fragen
Ihre Resultats-Entwicklung
Sie haben dieses Quiz noch nicht gespielt